Statistics for Subnational HDI Comparison Quiz (highest)

Click here to take the quiz!

General Stats

  • This quiz has been taken 27 times
  • The average score is 8 of 20

Answer Stats

QuestionAnswer% Correct
Which Turkish region has the highest HDI?Istanbul
83%
Which South African province has the highest HDI?Western Cape
75%
Which German state has the highest HDI of these?Hamburg
71%
Which U.S. state or district has the highest HDI?Massachusetts
67%
Which Austrian state has the highest HDI of these?Salzburg
67%
Which Spanish autonomous community has the highest HDI of these?Basque Country
46%
Which Mexican state has the highest HDI of these?Baja California
42%
Which French region has the highest HDI of these?Rhône-Alpes
42%
Which Indonesian province has the highest HDI of these?Yogyakarta
38%
Which Indian state has the highest HDI?Kerala
33%
Which Canadian province has the highest HDI?Alberta
29%
Which Brazilian federative unit has the highest HDI of these?Santa Catarina
29%
Which Russian federal subject has the highest HDI of these?Tyumen Oblast
25%
Which German state has the highest HDI of these?Baden-Württemberg
21%
Which Italian region has the highest HDI?Emilia-Romagna
21%
Which Chinese region has the highest HDI of these?Jiangsu
21%
Which Argentine province has the highest HDI of these?Santa Fe
21%
Which Egyptian governorate has the highest HDI?Port Said
13%
BONUS: which region has the highest HDI of these?Nebraska
8%
Which U.S. state has the highest HDI of these?North Dakota
8%

Score Distribution

Percentile by Number Answered

Percent of People with Each Score

Your Score History

You have not taken this quiz